Investments: (Record no. 183406)

MARC details
000 -LEADER
fixed length control field 00658 a2200205 4500
005 - DATE AND TIME OF LATEST TRANSACTION
control field 20220124112202.0
010 ## - LCCN (DPL NO)
LC control number ENG-130596
020 ## - INTERNATIONAL STANDARD BOOK NUMBER
International Standard Book Number 978-93-89538-76-2
Terms of availability 725.00
035 ## - SYSTEM CONTROL NUMBER
System control number EN-114128
037 ## - SOURCE OF ACQUISITION
Source of stock number/acquisition DBAD/PUB
082 ## - DEWEY DECIMAL CLASSIFICATION NUMBER
Classification number 332.63
100 ## - MAIN ENTRY--PERSONAL NAME
Personal name Francis, Jack Clark
245 ## - TITLE STATEMENT
Title Investments:
Statement of responsibility, etc Jack Clark Francis, Richard W. Taylor
250 ## - EDITION STATEMENT
Edition statement 2nd Edition
260 ## - PUBLICATION, DISTRIBUTION, ETC. (IMPRINT)
Place of publication, distribution, etc Chennai
Name of publisher, distributor, etc McGraw Hill Education(india) Private Limited
Date of publication, distribution, etc 2022
270 ## - ADDRESS
Address Anjana Complex No.5 /90 A, Butt Road, St. Thomas Mount
City Chennai
Postal code 600016
300 ## - PHYSICAL DESCRIPTION
Extent 330p.
Dimensions 28cm (pbk)
700 ## - ADDED ENTRY--PERSONAL NAME
Personal name Taylor, Richard W.
942 ## - ADDED ENTRY ELEMENTS (KOHA)
Institution code [OBSOLETE] dpl
Item type English Books
Source of classification or shelving scheme Dewey Decimal Classification
Classification part 332.63
Call number suffix FRA
Holdings
Withdrawn status Lost status Not for loan Collection code Home library Current library Date acquired Source of acquisition Cost, normal purchase price Full call number Barcode Copy number Cost, replacement price Koha item type
      Non-fiction Patel Nagar Patel Nagar 24/12/2021 DBAD/PUB 725.00 332.63 FRA EN-114128 1 725.00 English Books

© Delhi Public Library
Hit Counter
free hit counter